1999 NFL Pro Bowlers - Statistics

General Stats
  • This quiz has been taken 11 times
  • The average score is 24 of 92
Answer Stats
Position/Conference Answer Team % Correct
AFC Running Back Edgerrin James Indianapolis Colts
86%
NFC Running Back Emmitt Smith Dallas Cowboys
86%
AFC Wide Receiver Jimmy Smith Jacksonville Jaguars
86%
NFC Quarterback Kurt Warner St. Louis Rams
86%
NFC Running Back Marshall Faulk St. Louis Rams
86%
AFC Wide Receiver Marvin Harrison Indianapolis Colts
86%
AFC Quarterback Peyton Manning Indianapolis Colts
86%
AFC Wide Receiver Tim Brown Oakland Raiders
86%
AFC Tight End Tony Gonzalez Kansas City Chiefs
86%
NFC Quarterback Brad Johnson Washington Redskins
71%
NFC Wide Receiver Cris Carter Minnesota Vikings
71%
AFC Running Back Eddie George Tennessee Titans
71%
AFC Wide Receiver Keyshawn Johnson New York Jets
71%
AFC Quarterback Mark Brunell Jacksonville Jaguars
71%
NFC Wide Receiver Randy Moss Minnesota Vikings
71%
AFC Quarterback Rich Gannon Oakland Raiders
71%
AFC Offensive Tackle Walter Jones Seattle Seahawks
71%
AFC Running Back Corey Dillon Cincinnati Bengals
57%
NFC Wide Receiver Isaac Bruce St. Louis Rams
57%
AFC Offensive Tackle Jonathan Ogden Baltimore Ravens
57%
NFC Offensive Guard Larry Allen Dallas Cowboys
57%
NFC Fullback Mike Alstott Tampa Bay Buccaneers
57%
NFC Wide Receiver Muhsin Muhammad Carolina Panthers
57%
NFC Offensive Tackle Orlando Pace St. Louis Rams
57%
AFC Linebacker Ray Lewis Baltimore Ravens
57%
NFC Quarterback Steve Beuerlein Carolina Panthers
57%
AFC Offensive Tackle Tony Boselli Jacksonville Jaguars
57%
AFC Linebacker Zach Thomas Miami Dolphins
57%
NFC Cornerback Aeneas Williams Arizona Cardinals
43%
AFC Tight End Frank Wycheck Tennessee Titans
43%
AFC Linebacker Junior Seau San Diego Chargers
43%
NFC Defensive End Michael Strahan New York Giants
43%
AFC Offensive Guard Bruce Matthews Tennessee Titans
29%
AFC Defensive Tackle Cortez Kennedy Seattle Seahawks
29%
NFC Cornerback Deion Sanders Dallas Cowboys
29%
NFC Linebacker Derrick Brooks Tampa Bay Buccaneers
29%
NFC Offensive Guard Randall McDaniel Minnesota Vikings
29%
NFC Defensive End Simeon Rice Arizona Cardinals
29%
NFC Running Back Stephen Davis Washington Redskins
29%
NFC Defensive Tackle Warren Sapp Tampa Bay Buccaneers
29%
AFC Cornerback Charles Woodson Oakland Raiders
14%
AFC Safety Rod Woodson Baltimore Ravens
14%
NFC Cornerback Troy Vincent Philadelphia Eagles
14%
NFC Safety Brian Dawkins Philadelphia Eagles
0%
NFC Defensive Tackle Bryant Young San Francisco 49ers
0%
AFC Safety Carnell Lake Jacksonville Jaguars
0%
AFC Linebacker Chad Brown Seattle Seahawks
0%
AFC Defensive Tackle Darrell Russell Oakland Raiders
0%
NFC Tight End David Sloan Detroit Lions
0%
AFC Special Teamer Detron Smith Denver Broncos
0%
NFC Linebacker Dexter Coakley Dallas Cowboys
0%
NFC Defensive Tackle D'Marco Farr St. Louis Rams
0%
NFC Offensive Tackle Erik Williams Dallas Cowboys
0%
NFC Returner Glyn Milburn Chicago Bears
0%
NFC Linebacker Hardy Nickerson Tampa Bay Buccaneers
0%
AFC Cornerback James Hasty Kansas City Chiefs
0%
NFC Kicker Jason Hanson Detroit Lions
0%
NFC Center Jeff Christy Minnesota Vikings
0%
NFC Linebacker Jessie Armstead New York Giants
0%
AFC Defensive End Jevon Kearse Tennessee Titans
0%
NFC Safety John Lynch Tampa Bay Buccaneers
0%
NFC Defensive End Kevin Carter St. Louis Rams
0%
AFC Linebacker Kevin Hardy Jacksonville Jaguars
0%
AFC Center Kevin Mawae New York Jets
0%
NFC Safety Lance Schulters San Francisco 49ers
0%
AFC Safety Lawyer Milloy New England Patriots
0%
AFC Offensive Tackle Leon Searcy Jacksonville Jaguars
0%
NFC Defensive Tackle Luther Elliss Detroit Lions
0%
NFC Special Teamer Michael Bates Carolina Panthers
0%
AFC Defensive End Michael McCrary Baltimore Ravens
0%
NFC Punter Mitch Berger Minnesota Vikings
0%
AFC Linebacker Mo Lewis New York Jets
0%
AFC Kicker Olindo Mare Miami Dolphins
0%
AFC Linebacker Peter Boulware Baltimore Ravens
0%
NFC Defensive End Robert Porcher Detroit Lions
0%
AFC Offensive Guard Ruben Brown Buffalo Bills
0%
AFC Fullback Sam Gash Buffalo Bills
0%
AFC Cornerback Sam Madison Miami Dolphins
0%
NFC Linebacker Stephen Boyd Detroit Lions
0%
AFC Wide Receiver Terry Glenn New England Patriots
0%
AFC Center Tim Grunhard Kansas City Chiefs
0%
NFC Cornerback Todd Lyght St. Louis Rams
0%
AFC Center Tom Nalen Denver Broncos
0%
AFC Punter Tom Tupa New York Jets
0%
AFC Defensive End Tony Brackens Jacksonville Jaguars
0%
NFC Center Tony Mayberry Tampa Bay Buccaneers
0%
NFC Offensive Guard Tre Johnson Washington Redskins
0%
AFC Returner Tremain Mack Cincinnati Bengals
0%
AFC Defensive Tackle Trevor Pryce Denver Broncos
0%
NFC Tight End Wesley Walls Carolina Panthers
0%
NFC Offensive Tackle Willie Roaf New Orleans Saints
0%
AFC Offensive Guard Will Shields Kansas City Chiefs
0%
No matching quizzes found
Score Distribution
Percent of People with Each Score
Percentile by Number Answered
Your Score History
You have not taken this quiz